MARC details
| 000 -CABECERA |
| campo de control de longitud fija |
01119nam a2200289 a 4500 |
| 001 - NÚMERO DE CONTROL |
| campo de control |
000042033 |
| 005 - FECHA Y HORA DE LA ÚLTIMA TRANSACCIÓN |
| campo de control |
20250701132842.0 |
| 008 - DATOS DE LONGITUD FIJA--INFORMACIÓN GENERAL |
| campo de control de longitud fija |
131111s1969 mx 000 0 spa d |
| 040 ## - FUENTE DE LA CATALOGACIÓN |
| Centro catalogador/agencia de origen |
DO-SdBNP |
| Lengua de catalogación |
spa |
| Centro/agencia transcriptor |
BNPHU |
| 082 ## - NÚMERO DE LA CLASIFICACIÓN DECIMAL DEWEY |
| Número de clasificación |
338 |
| Número de documento/Ítem |
S678i, 1969 |
| 245 00 - MENCIÓN DE TÍTULO |
| Título |
La sociedad industrial contemporánea / |
| Mención de responsabilidad, etc. |
Erich Fromm ... [et al.] ; traducción de Margarita Suzan Prieto y Julieta Campos.. |
| 250 ## - MENCIÓN DE EDICIÓN |
| Mención de edición |
3a ed. |
| 260 ## - PUBLICACIÓN, DISTRIBUCIÓN, ETC. |
| Lugar de publicación, distribución, etc. |
México : |
| Nombre del editor, distribuidor, etc. |
Siglo Veintiuno, |
| Fecha de publicación, distribución, etc. |
1969. |
| 300 ## - DESCRIPCIÓN FÍSICA |
| Extensión |
217 p. ; |
| Dimensiones |
18 cm. |
| 490 1# - MENCIÓN DE SERIE |
| Mención de serie |
El mundo del hombre. Sociología y política |
| 500 ## - NOTA GENERAL |
| Nota general |
Incluye referencias bibliográficas y notas al pie de las páginas. |
| 650 #0 - PUNTO DE ACCESO ADICIONAL DE MATERIA--TÉRMINO DE MATERIA |
| Término de materia o nombre geográfico como elemento de entrada |
Industrialización |
| 9 (RLIN) |
50386 |
| 650 #0 - PUNTO DE ACCESO ADICIONAL DE MATERIA--TÉRMINO DE MATERIA |
| Término de materia o nombre geográfico como elemento de entrada |
Desarrollo económico |
| 9 (RLIN) |
85548 |
| 650 #0 - PUNTO DE ACCESO ADICIONAL DE MATERIA--TÉRMINO DE MATERIA |
| Término de materia o nombre geográfico como elemento de entrada |
Sindicalismo |
| 9 (RLIN) |
7274 |
| 650 #4 - PUNTO DE ACCESO ADICIONAL DE MATERIA--TÉRMINO DE MATERIA |
| Término de materia o nombre geográfico como elemento de entrada |
Industrias |
| Subdivisión general |
Aspectos sociales |
| 9 (RLIN) |
69003 |
| 700 12 - PUNTO DE ACCESO ADICIONAL--NOMBRE DE PERSONA |
| Nombre de persona |
Fromm, Erich |
| 9 (RLIN) |
51429 |
| 700 12 - PUNTO DE ACCESO ADICIONAL--NOMBRE DE PERSONA |
| Nombre de persona |
Prieto, Margarita Susan |
| Término indicativo de función/relación |
trad. |
| 9 (RLIN) |
69004 |
| 700 12 - PUNTO DE ACCESO ADICIONAL--NOMBRE DE PERSONA |
| Nombre de persona |
Campos, Julieta |
| Término indicativo de función/relación |
trad. |
| 9 (RLIN) |
33624 |
| 830 #0 - PUNTO DE ACCESO ADICIONAL DE SERIE-TÍTULO UNIFORME |
| Título uniforme |
El mundo del hombre. Sociología y política |
| 9 (RLIN) |
52648 |
| 830 #0 - PUNTO DE ACCESO ADICIONAL DE SERIE-TÍTULO UNIFORME |
| Título uniforme |
El mundo del hombre |
| Nombre de parte o sección de la obra |
sociología y política |
| 9 (RLIN) |
52648 |
| 910 ## - DATOS DE OPCIÓN DEL USUARIO (OCLC) |
| Datos de opción del usuario |
Validado. Control de validad MFF |